banner koha

Farinhada móvel (Registro n. 300366)

MARC details
000 -LÍDER
fixed length control field 00870nab a2200253 4500
003 - CÓDIGO MARC DA AGÊNCIA CATALOGADORA
Campo de controle BR-BrBNA
005 - DATA E HORA DA ÚLTIMA ATUALIZAÇÃO
Campo de controle 20240814123332.0
008 - CAMPO DE TAMANHO FIXO
fixed length control field 240702b bl.||||| |||| 00| 0 por d
040 ## - FONTE DA CATALOGAÇÃO
Agência catalogadora BR-BrBNA
Idioma da catalogação por
072 ## - CATEGORIA AGRIS
Código AGRIS N20 ; Q02 ; Q52
110 ## - ENTRADA PRINCIPAL - ENTIDADE
Nome da entidade ou lugar Terranova Gráfica e Editora Jornalística Ltda., Palmas, TO (Brasil)
245 ## - TÍTULO PRINCIPAL
Título principal Farinhada móvel
Subtítulo Agrofamiliar
500 ## - NOTA GERAL
Nota geral 2 illus.
942 ## - ADDED ENTRY ELEMENTS (KOHA)
Koha item type
650 ## - ASSUNTO - THESAGRO
Cabeçalho tópico ou nome geográfico MANDIOCA
650 ## - ASSUNTO - THESAGRO
Cabeçalho tópico ou nome geográfico FÁBRICA
650 ## - ASSUNTO - THESAGRO
Cabeçalho tópico ou nome geográfico MÓVEL
650 ## - ASSUNTO - THESAGRO
Cabeçalho tópico ou nome geográfico IMPLEMENTO AGRÍCOLA
650 ## - ASSUNTO - THESAGRO
Cabeçalho tópico ou nome geográfico PROCESSAMENTO
650 ## - ASSUNTO - THESAGRO
Cabeçalho tópico ou nome geográfico FARINHA DE MANDIOCA
650 ## - ASSUNTO - THESAGRO
Cabeçalho tópico ou nome geográfico AGRICULTURA FAMILIAR
773 0# - ENTRADA ANALÍTICA
Host Biblionumber 4604
Registro do item 317196
Imprenta Palmas - Tocantins Terranova Gráfica e Editora Jornalística Ltda 2005
Outro identificador 2024-3820
Título Cerrado Rural Agronegócios (Brazil)
ISSN 1980-2595
Colação v. 4(25) p. 38-39; (Apr 2007)
Número de controle de registro BR2024001906

Nenhum exemplar disponível.

BINAGRI

Telefone: (61)3218-2567/2388/3357/2097 - binagri@agro.gov.br

Ministério da Agricultura e Pecuária , Esplanada dos Ministérios, Bloco D, Anexo B, Brasília/DF, CEP: 70.043-900